Negotiating Capacity of Latin American Governments VIS-A-VIS Transnational corporations in Export Oriented Primary Commodities (Summary and preliminary conclusions from the cases of bauxite in Caribbean, tin in Bolivia and banana in Central America) /
Guardado en:
| Institution som forfatter: | |
|---|---|
| Format: | Ukendt |
| Tags: |
Tilføj Tag
Ingen Tags, Vær først til at tagge denne postø!
|
MARC
| LEADER | 00000 a2200000 04500 | ||
|---|---|---|---|
| 001 | 45559 | ||
| 003 | |||
| 008 | 991231s d | ||
| 040 | |a CRAI/IIS |c CRAI/IIS | ||
| 022 | |a [Pendiente] | ||
| 090 | |a 09.05.05 N384n | ||
| 110 | |a CEPAL | ||
| 240 | |a Negotiating Capacity of Latin American Governments VIS-A-VIS Transnational corporations in Export Oriented Primary Commodities |b (Summary and preliminary conclusions from the cases of bauxite in Caribbean, tin in Bolivia and banana in Central America) | ||
| 245 | |a Negotiating Capacity of Latin American Governments VIS-A-VIS Transnational corporations in Export Oriented Primary Commodities |b (Summary and preliminary conclusions from the cases of bauxite in Caribbean, tin in Bolivia and banana in Central America) / |c CEPAL | ||
| 500 | |a This paper has been prepared by experts and consultants of the Joint CEPAL/CTC Unit for the Interregional Expert Group Meeting on Bargaining Capacity and Distribution of Gains in Primary Export Commodities (Bangkok, 8-13 October 1979). The opinios expressed in it are those of the authors and do not necessarily reflect the views of CEPAL. | ||
| 999 | |c 18251 |d 18251 | ||
